[Event "Moscow op-A"]
[Site "Moscow"]
[Date "2015.02.08"]
[Round "9"]
[White "Kutuzov, Denis"]
[Black "Asgarizadeh, Ahmad"]
[Result "1/2-1/2"]
[WhiteElo "2336"]
[BlackElo "2424"]
[PlyCount "101"]
[EventDate "2015.01.31"]
[EventType "swiss"]
[EventRounds "9"]
[EventCountry "RUS"]
[SourceTitle "CBM 164 Extra"]
[Source "ChessBase"]
[SourceDate "2015.03.02"]
[SourceVersion "1"]
[SourceVersionDate "2015.03.02"]
[SourceQuality "1"]

1. e4 d6 2. d4 g6 3. Nc3 Bg7 4. g3 Nc6 5. Be3 Nf6 6. h3 0-0 7. Bg2 e5 8. Nge2 exd4 9. Nxd4 Bd7 10. 0-0 Re8 11. Qd2 Ne5 12. Qe2 Qc8 13. g4 h5 14. g5 Nh7 15. Kh2 Nc6 16. Nb3 a5 17. a4 Nb4 18. Rad1 d5 19. Nc5 b6 20. Nxd7 Qxd7 21. Nxd5 Nxd5 22. Rxd5 Qxa4 23. b3 Qb4 24. f4 Rad8 25. Qd3 Rxd5 26. exd5 Nf8 27. f5 gxf5 28. Bf4 Qe7 29. Qxf5 Ng6 30. Kh1 Nh4 31. Qd3 Qe2 32. Qg3 Nf5 33. Qf2 Qxf2 34. Rxf2 Nd6 35. Bf3 h4 36. Re2 Kf8 37. Kg2 Ra8 38. Bg4 a4 39. bxa4 Rxa4 40. Kf3 Bd4 41. Bd7 Rc4 42. Bh2 Bb2 43. Bg4 Ba3 44. Be5 Kg8 45. c3 Kh7 46. Ra2 Bc1 47. Ra8 Bxg5 48. Rh8+ Kg6 49. Rg8+ Kh6 50. Rh8+ Kg6 51. Rg8+ 1/2-1/2

[Event "Moscow op-A"]
[Site "Moscow"]
[Date "2015.02.02"]
[Round "3"]
[White "Kutuzov, Denis"]
[Black "Shimanov, Aleksandr"]
[Result "0-1"]
[WhiteElo "2336"]
[BlackElo "2591"]
[PlyCount "76"]
[EventDate "2015.01.31"]
[EventType "swiss"]
[EventRounds "9"]
[EventCountry "RUS"]
[SourceTitle "CBM 164 Extra"]
[Source "ChessBase"]
[SourceDate "2015.03.02"]
[SourceVersion "1"]
[SourceVersionDate "2015.03.02"]
[SourceQuality "1"]

1. e4 c6 2. d3 d5 3. Nd2 Qc7 4. Ngf3 Bg4 5. g3 Nf6 6. Bg2 e6 7. 0-0 Be7 8. Re1 0-0 9. h3 Bxf3 10. Qxf3 a5 11. d4 a4 12. c3 Qb6 13. Bf1 c5 14. exd5 Nxd5 15. dxc5 Bxc5 16. Ne4 Be7 17. Bd3 Nd7 18. Qh5 N7f6 19. Nxf6+ Nxf6 20. Qb5 Qxb5 21. Bxb5 a3 22. b3 Rfd8 23. Be3 Nd5 24. Bd4 Bf6 25. Bxf6 gxf6 26. Rac1 Nc7 27. Bf1 Rd2 28. Re2 Rad8 29. Rc2 Rd1 30. Kg2 Rb1 31. Red2 Rxd2 32. Rxd2 Nd5 33. c4 Rb2 34. Rd3 Nb4 35. Rd7 Nxa2 36. Rxb7 Nc1 37. c5 a2 38. Ra7 Nxb3 0-1

[Event "Moscow Philidor Memorial"]
[Site "Moscow"]
[Date "2013.08.22"]
[Round "6"]
[White "Afanasiev, Nikita"]
[Black "Kutuzov, Denis"]
[Result "0-1"]
[WhiteElo "2282"]
[BlackElo "2343"]
[PlyCount "98"]
[EventDate "2013.08.13"]
[EventType "tourn"]
[EventRounds "9"]
[EventCountry "RUS"]
[EventCategory "2"]
[SourceTitle "CBM 156 Extra"]
[Source "ChessBase"]
[SourceDate "2013.10.22"]
[SourceVersion "1"]
[SourceVersionDate "2013.10.22"]
[SourceQuality "1"]

1. c4 Nf6 2. Nf3 c6 3. g3 d5 4. b3 Bf5 5. Bg2 e6 6. 0-0 Be7 7. Bb2 0-0 8. d4 Nbd7 9. Nbd2 h6 10. Ne1 a5 11. a4 Qb6 12. Bc3 Rfe8 13. Nc2 Bf8 14. Qc1 Bg6 15. h3 dxc4 16. bxc4 e5 17. e3 exd4 18. exd4 Qc7 19. Ne3 Bd6 20. Re1 Re6 21. c5 Bf8 22. Ndc4 Ne4 23. h4 Ndf6 24. Ne5 Rxe5 25. dxe5 Nd7 26. h5 Bh7 27. Bxe4 Bxe4 28. Nc4 Bd5 29. Nd6 Nxc5 30. Qe3 Ne6 31. Rab1 c5 32. Qd3 Bc6 33. f4 Rd8 34. Red1 Bxa4 35. Rd2 c4 36. Qd5 b5 37. f5 Ng5 38. Ra1 Bxd6 39. exd6 Qb6+ 40. Rd4 b4 41. Rxa4 bxc3 42. Raxc4 c2 43. Kg2 Qb2 44. Rd2 c1Q 45. Rxc1 Qxc1 46. d7 a4 47. Re2 Kh7 48. f6 gxf6 49. Re8 Qc7 0-1

[Event "Moscow Philidor Memorial"]
[Site "Moscow"]
[Date "2013.08.20"]
[Round "5"]
[White "Kutuzov, Denis"]
[Black "Pasalic, Harun"]
[Result "0-1"]
[WhiteElo "2343"]
[BlackElo "2212"]
[PlyCount "110"]
[EventDate "2013.08.13"]
[EventType "tourn"]
[EventRounds "9"]
[EventCountry "RUS"]
[EventCategory "2"]
[SourceTitle "CBM 156 Extra"]
[Source "ChessBase"]
[SourceDate "2013.10.22"]
[SourceVersion "1"]
[SourceVersionDate "2013.10.22"]
[SourceQuality "1"]

1. e4 c5 2. Nf3 g6 3. c3 Bg7 4. d4 cxd4 5. cxd4 d5 6. e5 Bg4 7. Be2 Nc6 8. Nc3 Nh6 9. Be3 Nf5 10. 0-0 0-0 11. Qd2 e6 12. h3 Bxf3 13. Bxf3 Rc8 14. Rac1 Nxe3 15. fxe3 Bh6 16. Bg4 Bg5 17. g3 h5 18. Be2 Kg7 19. h4 Bh6 20. Kg2 f6 21. exf6+ Rxf6 22. Bd3 Qe7 23. Rxf6 Qxf6 24. Rf1 Qxd4 25. Qc2 Bxe3 26. Bxg6 Ne5 27. Bxh5 Qd2+ 28. Qxd2 Bxd2 29. Nb5 Be3 30. Bd1 Rc6 31. Kh3 d4 32. Nxa7 Rc1 33. Nb5 Nd3 34. Kg2 Rb1 35. Bb3 Rxb2+ 36. Kf3 Nc5 37. Bc4 Rb4 38. Nd6 Kf6 39. a3 Ra4 40. Bb5 Ra5 41. a4 Nxa4 42. Ke4+ Ke7 43. Ke5 Nc5 44. Rf7+ Kd8 45. Rxb7 d3 46. Nf7+ Kc8 47. Nd6+ Kd8 48. Nc4 Nxb7 49. Nxa5 Nxa5 50. Bxd3 Ke7 51. g4 Nc6+ 52. Ke4 Bc1 53. g5 Kd6 54. Be2 Nd8 55. Bg4 Nb7 0-1

[Event "Moscow Philidor Memorial"]
[Site "Moscow"]
[Date "2013.08.15"]
[Round "2"]
[White "Morozov, Grigory"]
[Black "Kutuzov, Denis"]
[Result "1-0"]
[WhiteElo "2341"]
[BlackElo "2343"]
[PlyCount "43"]
[EventDate "2013.08.13"]
[EventType "tourn"]
[EventRounds "9"]
[EventCountry "RUS"]
[EventCategory "2"]
[SourceTitle "CBM 156 Extra"]
[Source "ChessBase"]
[SourceDate "2013.10.22"]
[SourceVersion "1"]
[SourceVersionDate "2013.10.22"]
[SourceQuality "1"]

1. d4 d5 2. c4 c6 3. Nf3 Nf6 4. Qc2 a6 5. Nbd2 b5 6. cxd5 cxd5 7. Nb3 Bb7 8. Bd2 Nc6 9. Nc5 Qb6 10. e3 Rc8 11. b4 e5 12. a4 Ne4 13. axb5 axb5 14. Be2 exd4 15. exd4 Be7 16. 0-0 g5 17. Be3 g4 18. Nd2 f5 19. Ndxe4 dxe4 20. Qb3 f4 21. Bxg4 fxe3 22. Qd5 1-0

[Event "Moscow-ch sf"]
[Site "Moscow"]
[Date "2011.03.27"]
[Round "9"]
[White "Apryshko, Gleb"]
[Black "Kutuzov, Denis"]
[Result "0-1"]
[WhiteElo "2190"]
[BlackElo "2411"]
[PlyCount "112"]
[EventDate "2011.03.13"]
[EventType "swiss"]
[EventRounds "9"]
[EventCountry "RUS"]
[SourceTitle "CBM 141 Extra"]
[Source "ChessBase"]
[SourceDate "2011.05.03"]
[SourceVersion "1"]
[SourceVersionDate "2011.05.03"]
[SourceQuality "1"]

1. e4 d5 2. exd5 Qxd5 3. Nc3 Qd6 4. d4 Nf6 5. Nf3 a6 6. Ne5 Nc6 7. Nxc6 Qxc6 8. d5 Qd6 9. Qf3 Bg4 10. Qg3 Qxg3 11. hxg3 0-0-0 12. Bc4 b5 13. Bb3 b4 14. Na4 Nxd5 15. f3 Bf5 16. Bg5 f6 17. 0-0-0 e6 18. Bxd5 Rxd5 19. Rxd5 exd5 20. Be3 Bd6 21. g4 Bg6 22. Bc5 Bf4+ 23. Kd1 a5 24. a3 bxa3 25. Bxa3 Re8 26. Bc5 Kd7 27. Bd4 Kc6 28. b3 h6 29. Bc3 Kb5 30. Bd2 Bd6 31. Nc3+ Kc6 32. Re1 Rxe1+ 33. Bxe1 Bb4 34. Bd2 Bf7 35. Ne2 Bxd2 36. Kxd2 Kd6 37. Nd4 Be6 38. Kd3 c5 39. Ne2 f5 40. gxf5 Bxf5+ 41. Kd2 g5 42. Nc3 c4 43. Ne2 h5 44. Nd4 Bd7 45. Kc3 cxb3 46. cxb3 Ke5 47. Kd3 h4 48. Ke3 Be8 49. Kd3 g4 50. fxg4 Kf4 51. Ke2 Kxg4 52. Kf2 Kf4 53. Ke2 Ke4 54. Ne6 Bb5+ 55. Kf2 Kd3 56. Nc5+ Kc3 0-1

[Event "Moscow-ch sf"]
[Site "Moscow"]
[Date "2011.03.22"]
[Round "6"]
[White "Kutuzov, Denis"]
[Black "Golynsky, Yuri"]
[Result "1-0"]
[WhiteElo "2411"]
[BlackElo "2136"]
[PlyCount "65"]
[EventDate "2011.03.13"]
[EventType "swiss"]
[EventRounds "9"]
[EventCountry "RUS"]
[SourceTitle "CBM 141 Extra"]
[Source "ChessBase"]
[SourceDate "2011.05.03"]
[SourceVersion "1"]
[SourceVersionDate "2011.05.03"]
[SourceQuality "1"]

1. e4 e5 2. Bc4 Nc6 3. Nc3 Nf6 4. d3 h6 5. f4 Bb4 6. Nf3 d6 7. 0-0 Bc5+ 8. Kh1 a6 9. Nd5 Bg4 10. h3 h5 11. c3 Qd7 12. b4 Ba7 13. f5 Nxd5 14. Bxd5 0-0-0 15. a4 Rdf8 16. Qb3 Nd8 17. b5 Bxf3 18. Rxf3 a5 19. Bd2 Bc5 20. Rd1 Qe7 21. d4 Bb6 22. Be3 exd4 23. cxd4 Rhg8 24. e5 g5 25. f6 Qd7 26. Be4 g4 27. Bf5 Ne6 28. d5 gxf3 29. dxe6 fxg2+ 30. Kh2 fxe6 31. Bxe6 Bxe3 32. Bxd7+ Kxd7 33. Qxe3 1-0

[Event "Moscow-ch sf"]
[Site "Moscow"]
[Date "2011.03.17"]
[Round "3"]
[White "Paravyan, David"]
[Black "Kutuzov, Denis"]
[Result "0-1"]
[WhiteElo "2123"]
[BlackElo "2411"]
[PlyCount "57"]
[EventDate "2011.03.13"]
[EventType "swiss"]
[EventRounds "9"]
[EventCountry "RUS"]
[SourceTitle "CBM 141 Extra"]
[Source "ChessBase"]
[SourceDate "2011.05.03"]
[SourceVersion "1"]
[SourceVersionDate "2011.05.03"]
[SourceQuality "1"]

1. d4 Nf6 2. c4 c6 3. Bf4 b5 4. c5 d6 5. cxd6 exd6 6. e3 Be7 7. h3 0-0 8. Nf3 a6 9. Be2 Bb7 10. a4 Nbd7 11. 0-0 Nb6 12. a5 Nbd5 13. Bh2 c5 14. Nbd2 Nb4 15. dxc5 dxc5 16. Ne5 c4 17. Bf3 Nfd5 18. e4 Nc7 19. Qc1 Bg5 20. Rd1 Qe7 21. Qc3 Rad8 22. Nf1 Ne6 23. Rab1 Na2 24. Qc2 Nd4 25. Rxd4 Rxd4 26. b3 cxb3 27. Qxb3 Nb4 28. Qc3 Rfd8 29. Ng3 0-1

[Event "Moscow IM"]
[Site "Moscow"]
[Date "2011.03.15"]
[Round "11"]
[White "Kutuzov, Denis"]
[Black "Dolzhikova, Kateryna"]
[Result "1-0"]
[WhiteElo "2316"]
[BlackElo "2272"]
[PlyCount "47"]
[EventDate "2011.02.25"]
[EventType "tourn"]
[EventRounds "13"]
[EventCountry "RUS"]
[EventCategory "4"]
[SourceTitle "EXT 2012"]
[Source "ChessBase"]
[SourceDate "2011.11.24"]
[SourceVersion "1"]
[SourceVersionDate "2011.11.24"]
[SourceQuality "1"]

1. e4 c5 2. Nf3 d6 3. c3 Nf6 4. h3 Nc6 5. Bd3 g6 6. 0-0 Bg7 7. Bc2 0-0 8. d4 cxd4 9. cxd4 d5 10. e5 Ne4 11. Re1 f5 12. exf6 exf6 13. Nc3 Nxc3 14. bxc3 Re8 15. Bf4 Be6 16. c4 Bf7 17. c5 Rxe1+ 18. Qxe1 Qd7 19. Rb1 Re8 20. Qd2 f5 21. Ba4 Be6 22. Qb2 Re7 23. Bd6 Rf7 24. Ng5 1-0

[Event "Moscow-ch sf"]
[Site "Moscow"]
[Date "2011.03.15"]
[Round "2"]
[White "Kutuzov, Denis"]
[Black "Shorbatov, Manakhim"]
[Result "1-0"]
[WhiteElo "2411"]
[BlackElo "2195"]
[PlyCount "83"]
[EventDate "2011.03.13"]
[EventType "swiss"]
[EventRounds "9"]
[EventCountry "RUS"]
[SourceTitle "CBM 141 Extra"]
[Source "ChessBase"]
[SourceDate "2011.05.03"]
[SourceVersion "1"]
[SourceVersionDate "2011.05.03"]
[SourceQuality "1"]

1. d4 Nf6 2. Bg5 Ne4 3. h4 h6 4. Bf4 d5 5. Nd2 Bf5 6. e3 Nxd2 7. Qxd2 e6 8. Qa5 c6 9. Qxd8+ Kxd8 10. 0-0-0 Nd7 11. f3 b5 12. g4 Bg6 13. Nh3 Kc8 14. Nf2 Kb7 15. e4 a6 16. Bg2 Rc8 17. Nd3 Be7 18. Bg3 Bf6 19. Nf4 Bh7 20. Nh5 Bg6 21. Nxf6 Nxf6 22. g5 hxg5 23. hxg5 Nd7 24. c3 a5 25. b3 Rcg8 26. Kd2 Rxh1 27. Rxh1 a4 28. Ke3 axb3 29. axb3 Ra8 30. Bd6 Ra2 31. Rh2 Rb2 32. exd5 cxd5 33. Bf1 Rxb3 34. Bb4 Kc6 35. Ra2 Kb6 36. Ra5 Kb7 37. Bxb5 Nb6 38. Ba6+ Kc7 39. Rc5+ Kd7 40. Bb5+ Kd8 41. Ba5 Ke7 42. Bxb6 1-0

[Event "Moscow IM"]
[Site "Moscow"]
[Date "2011.03.14"]
[Round "10"]
[White "Rakhimgaliyev, Yerlan"]
[Black "Kutuzov, Denis"]
[Result "1-0"]
[WhiteElo "2329"]
[BlackElo "2316"]
[PlyCount "81"]
[EventDate "2011.02.25"]
[EventType "tourn"]
[EventRounds "13"]
[EventCountry "RUS"]
[EventCategory "4"]
[SourceTitle "EXT 2012"]
[Source "ChessBase"]
[SourceDate "2011.11.24"]
[SourceVersion "1"]
[SourceVersionDate "2011.11.24"]
[SourceQuality "1"]

1. e4 e6 2. d4 d5 3. e5 c5 4. c3 Nc6 5. Nf3 Qb6 6. a3 Nh6 7. b4 cxd4 8. cxd4 Nf5 9. Bb2 Bd7 10. Be2 Be7 11. 0-0 Rc8 12. Re1 h5 13. Kh1 g5 14. Nc3 g4 15. Na4 Qd8 16. Ng1 b6 17. Ba6 Rc7 18. Nc3 Bc8 19. Bb5 a6 20. Ba4 b5 21. Bb3 Ncxd4 22. Nxd5 Rd7 23. Bxd4 Bb7 24. Bb6 Qa8 25. Rc1 Rxd5 26. Bxd5 Bxd5 27. f3 Ng3+ 28. hxg3 h4 29. Kh2 hxg3+ 30. Kxg3 Bh4+ 31. Kxg4 Qb7 32. Bc7 Qa7 33. Re2 Bf2 34. Nh3 Rg8+ 35. Ng5 Be3 36. Rxe3 Qxe3 37. f4 Qe4 38. Qc2 Qe3 39. Rd1 Bb3 40. Rd8+ Ke7 41. Bd6+ 1-0

[Event "Moscow IM"]
[Site "Moscow"]
[Date "2011.03.04"]
[Round "5"]
[White "Arustamian, Artur"]
[Black "Kutuzov, Denis"]
[Result "1-0"]
[WhiteElo "2404"]
[BlackElo "2316"]
[PlyCount "103"]
[EventDate "2011.02.25"]
[EventType "tourn"]
[EventRounds "13"]
[EventCountry "RUS"]
[EventCategory "4"]
[SourceTitle "EXT 2012"]
[Source "ChessBase"]
[SourceDate "2011.11.24"]
[SourceVersion "1"]
[SourceVersionDate "2011.11.24"]
[SourceQuality "1"]

1. e4 e6 2. d4 d5 3. Nd2 c5 4. exd5 Qxd5 5. Ngf3 cxd4 6. Bc4 Qd6 7. 0-0 Nf6 8. Nb3 Nc6 9. Nbxd4 Nxd4 10. Qxd4 Qxd4 11. Nxd4 Bd7 12. Bf4 Rc8 13. Be2 Nd5 14. Bg3 Be7 15. Rfd1 Bf6 16. c3 a6 17. Nf5 exf5 18. Rxd5 Be6 19. Rd6 g5 20. f4 Be7 21. Rd2 Bc5+ 22. Bf2 gxf4 23. Bxc5 Rxc5 24. Rf1 Re5 25. a3 Bd5 26. Rxf4 Rg8 27. Bf3 Bxf3 28. Rxf3 Rg6 29. Rh3 h6 30. Kf2 Rge6 31. Rhd3 b5 32. Rd5 Ke7 33. Rxe5 Rxe5 34. Rd4 Kf6 35. a4 Re6 36. axb5 axb5 37. Rd5 Rb6 38. Ke3 Kg5 39. Kf3 h5 40. h4+ Kg6 41. g3 f6 42. Kf4 b4 43. c4 Re6 44. b3 Re1 45. Rb5 Rf1+ 46. Ke3 f4+ 47. gxf4 Rh1 48. Rxb4 Rxh4 49. c5 Kf5 50. c6 Rh3+ 51. Kd4 Ke6 52. Rc4 1-0

[Event "Moscow op-E"]
[Site "Moscow"]
[Date "2011.02.05"]
[Round "8.84"]
[White "Perednij, Evgenij"]
[Black "Kutuzov, Denis"]
[Result "0-1"]
[WhiteElo "2128"]
[BlackElo "2360"]
[PlyCount "116"]
[EventDate "2011.01.29"]
[EventType "swiss"]
[EventRounds "9"]
[EventCountry "RUS"]
[SourceTitle "EXT 2022"]
[Source "ChessBase"]
[SourceDate "2021.10.06"]
[SourceVersion "1"]
[SourceVersionDate "2021.10.06"]
[SourceQuality "1"]

1. e4 e6 2. d4 d5 3. Nd2 c5 4. Ngf3 cxd4 5. exd5 Qxd5 6. Bc4 Qd6 7. 0-0 Nf6 8. Nb3 Nc6 9. Nbxd4 Nxd4 10. Nxd4 a6 11. c3 Qc7 12. Qe2 Bd6 13. h3 0-0 14. Bg5 Ne4 15. Be3 b5 16. Bb3 Bb7 17. Qg4 Nf6 18. Qh4 Nd5 19. Bg5 Nf4 20. Bxf4 Bxf4 21. Rfe1 Bh2+ 22. Kf1 Be5 23. Rad1 Bf6 24. Qg4 Rfd8 25. Ne2 Rxd1 26. Rxd1 Rd8 27. Re1 Qh2 28. Qg3 Qxg3 29. Nxg3 Rd2 30. Re2 Bg5 31. Rxd2 Bxd2 32. Bc2 Bd5 33. Ne4 Bc1 34. b3 Bb2 35. Nc5 Bxc3 36. Nxa6 b4 37. f3 f5 38. Nc7 g6 39. Bd3 Kf7 40. Bc4 Bxc4+ 41. bxc4 Ke7 42. Nb5 Bf6 43. Ke2 Kd7 44. Kd3 Kc6 45. f4 e5 46. fxe5 Bxe5 47. Nd4+ Bxd4 48. Kxd4 g5 49. Ke5 f4 50. h4 gxh4 51. Kxf4 Kc5 52. Ke5 Kxc4 53. Kd6 Kd4 54. Kc6 Ke3 55. Kc5 Kf2 56. Kxb4 Kxg2 57. a4 h3 58. a5 h2 0-1

[Event "Moscow op-E"]
[Site "Moscow"]
[Date "2011.02.01"]
[Round "4"]
[White "Dobrov, Vladimir"]
[Black "Kutuzov, Denis"]
[Result "1-0"]
[WhiteElo "2516"]
[BlackElo "2360"]
[PlyCount "51"]
[EventDate "2011.01.29"]
[EventType "swiss"]
[EventRounds "9"]
[EventCountry "RUS"]
[SourceTitle "CBM 140 Extra"]
[Source "ChessBase"]
[SourceDate "2011.03.01"]
[SourceVersion "1"]
[SourceVersionDate "2011.03.01"]
[SourceQuality "1"]

1. c4 Nf6 2. Nc3 c6 3. e4 e5 4. Nf3 Qa5 5. Be2 Bb4 6. 0-0 0-0 7. Qc2 Re8 8. d4 exd4 9. e5 Rxe5 10. Nd5 Rxd5 11. cxd5 Qxd5 12. Rd1 Qc5 13. Qd3 Qe7 14. a3 Ba5 15. Bg5 d5 16. Nxd4 Nbd7 17. Qg3 Ne5 18. Bd3 Bg4 19. Re1 Bxe1 20. Rxe1 Re8 21. Bxf6 Qxf6 22. f4 Nf3+ 23. Nxf3 Rxe1+ 24. Qxe1 Qd6 25. Qe8+ Qf8 26. Bxh7+ 1-0

[Event "Moscow op-E"]
[Site "Moscow"]
[Date "2011.01.31"]
[Round "3"]
[White "Kutuzov, Denis"]
[Black "Jumabayev, Rinat"]
[Result "1-0"]
[WhiteElo "2360"]
[BlackElo "2555"]
[PlyCount "63"]
[EventDate "2011.01.29"]
[EventType "swiss"]
[EventRounds "9"]
[EventCountry "RUS"]
[SourceTitle "CBM 140 Extra"]
[Source "ChessBase"]
[SourceDate "2011.03.01"]
[SourceVersion "1"]
[SourceVersionDate "2011.03.01"]
[SourceQuality "1"]

1. b4 e5 2. a3 d5 3. Bb2 Bd6 4. Nf3 Nd7 5. e3 Ngf6 6. c4 c6 7. cxd5 cxd5 8. Nc3 a6 9. Be2 0-0 10. 0-0 Re8 11. Rc1 Nf8 12. Na4 Ng6 13. d3 h5 14. Nd2 h4 15. Bf3 Bd7 16. Nc5 Bc6 17. Qb3 Rc8 18. Rc2 Bb8 19. Rfc1 e4 20. Bxf6 Qd6 21. Ncxe4 dxe4 22. Nxe4 Qxh2+ 23. Kf1 h3 24. gxh3 Qxh3+ 25. Bg2 Qf5 26. Rc5 Qd7 27. Qc3 Bxe4 28. Rxc8 Bxg2+ 29. Kxg2 Qg4+ 30. Kf1 Qh3+ 31. Ke1 Rf8 32. Rxf8+ 1-0

[Event "Moscow op-E"]
[Site "Moscow"]
[Date "2011.01.30"]
[Round "2.96"]
[White "Bogumil, Tatiana"]
[Black "Kutuzov, Denis"]
[Result "0-1"]
[WhiteElo "2101"]
[BlackElo "2360"]
[PlyCount "48"]
[EventDate "2011.01.29"]
[EventType "swiss"]
[EventRounds "9"]
[EventCountry "RUS"]
[SourceTitle "EXT 2022"]
[Source "ChessBase"]
[SourceDate "2021.10.06"]
[SourceVersion "1"]
[SourceVersionDate "2021.10.06"]
[SourceQuality "1"]

1. d4 b5 2. e4 a6 3. f3 Bb7 4. Be3 e6 5. Bd3 c5 6. c3 cxd4 7. cxd4 Nf6 8. Ne2 Nc6 9. Nd2 Rc8 10. Rc1 d5 11. e5 Nd7 12. 0-0 Nb6 13. f4 g6 14. Ng3 Nb4 15. Rxc8 Qxc8 16. Bb1 Nc4 17. Nxc4 dxc4 18. Qe2 Be7 19. Bd2 Nd5 20. Ne4 Qc6 21. a3 0-0 22. Rf3 Qb6 23. Be1 Rc8 24. Rh3 Nxf4 0-1

[Event "Moscow op-E"]
[Site "Moscow"]
[Date "2011.01.29"]
[Round "1.104"]
[White "Kutuzov, Denis"]
[Black "Morozov, Boris Nikolaevich"]
[Result "1-0"]
[WhiteElo "2360"]
[BlackElo "1957"]
[PlyCount "51"]
[EventDate "2011.01.29"]
[EventType "swiss"]
[EventRounds "9"]
[EventCountry "RUS"]
[SourceTitle "EXT 2022"]
[Source "ChessBase"]
[SourceDate "2021.10.06"]
[SourceVersion "1"]
[SourceVersionDate "2021.10.06"]
[SourceQuality "1"]

1. Nf3 Nc6 2. d4 e6 3. e4 d5 4. e5 f6 5. Bb5 a6 6. Bxc6+ bxc6 7. 0-0 Ne7 8. exf6 gxf6 9. Nh4 h5 10. Re1 Qd7 11. Bf4 c5 12. c3 Qc6 13. Nd2 c4 14. Nf1 Bd7 15. b3 Kd8 16. Ne3 cxb3 17. axb3 Be8 18. c4 dxc4 19. bxc4 Kc8 20. d5 Qc5 21. dxe6 Bh6 22. Bxh6 Rxh6 23. Nd5 Nc6 24. Qf3 Rb8 25. Qf4 Rh8 26. Qxc7# 1-0

[Event "Moscow op 03rd"]
[Site "Moscow"]
[Date "2007.02.02"]
[Round "7"]
[White "Shabanov, Yuri"]
[Black "Kutuzov, Denis"]
[Result "1-0"]
[WhiteElo "2422"]
[BlackElo "2293"]
[PlyCount "77"]
[EventDate "2007.01.27"]
[EventType "swiss"]
[EventRounds "9"]
[EventCountry "RUS"]
[SourceTitle "CBM 116 Extra"]
[Source "ChessBase"]
[SourceDate "2007.03.07"]
[SourceVersion "1"]
[SourceVersionDate "2007.03.07"]
[SourceQuality "1"]

1. e4 e6 2. d3 d5 3. Nd2 Nf6 4. Ngf3 b5 5. c3 Bb7 6. e5 Nfd7 7. d4 a6 8. a4 b4 9. Be2 c5 10. 0-0 Nc6 11. Re1 Be7 12. Nf1 0-0 13. Ng3 Rc8 14. Bf1 bxc3 15. bxc3 cxd4 16. cxd4 Nb4 17. Rb1 a5 18. h4 Nb6 19. Nh5 Bc6 20. Bb5 Bxb5 21. axb5 Nc2 22. Rf1 Bxh4 23. Qd2 Nb4 24. Qf4 Be7 25. Qg3 g6 26. Bh6 Nd7 27. Bxf8 Kxf8 28. Nf4 Nb6 29. Qh3 Kg7 30. g3 Qd7 31. Kg2 h5 32. Rh1 Rh8 33. g4 h4 34. g5 Qd8 35. Qg4 a4 36. Rxh4 a3 37. Rbh1 a2 38. Qh3 a1Q 39. Rh7+ 1-0

[Event "Calvia op 3rd"]
[Site "Calvia"]
[Date "2006.10.24"]
[Round "5"]
[White "Kutuzov, Denis"]
[Black "Janse, PN."]
[Result "1/2-1/2"]
[WhiteElo "2315"]
[BlackElo "2189"]
[PlyCount "85"]
[EventDate "2006.10.20"]
[EventType "swiss"]
[EventRounds "9"]
[EventCountry "ESP"]
[SourceTitle "EXT 2007"]
[Source "ChessBase"]
[SourceDate "2006.11.23"]
[SourceVersion "1"]
[SourceVersionDate "2006.11.23"]
[SourceQuality "1"]

1. b4 e5 2. a3 d6 3. Bb2 g6 4. e3 Bg7 5. c4 f5 6. Nf3 Nf6 7. d4 e4 8. Nfd2 Qe7 9. Nc3 0-0 10. g3 c6 11. Be2 Na6 12. b5 Nc7 13. bxc6 bxc6 14. a4 a5 15. Ba3 Bd7 16. Rb1 Na6 17. Nb3 Nb4 18. c5 d5 19. Nxa5 Nd3+ 20. Bxd3 exd3 21. Nb7 Ne4 22. Qxd3 Nxc3 23. Qxc3 f4 24. Nd6 fxe3 25. Qxe3 Qf6 26. 0-0 Bh3 27. Rfd1 Bh6 28. Qe1 Rxa4 29. Bc1 Bxc1 30. Rbxc1 Rxd4 31. Qe2 Rxd1+ 32. Rxd1 Qf3 33. Qxf3 Rxf3 34. Re1 Rc3 35. f4 Rxc5 36. Re8+ Kg7 37. Re7+ Kg8 38. Re8+ Kg7 39. Re7+ Kf6 40. Rxh7 Bf5 41. Ne8+ Ke6 42. Nc7+ Kd6 43. Ne8+ 1/2-1/2

[Event "RUS-chT2"]
[Site "Sochi"]
[Date "2004.04.25"]
[Round "6.1"]
[White "Pugachov, Alexey"]
[Black "Kutuzov, Denis"]
[Result "1-0"]
[WhiteElo "2453"]
[BlackElo "2277"]
[PlyCount "107"]
[EventDate "2004.04.20"]
[EventType "team"]
[EventRounds "9"]
[EventCountry "RUS"]
[SourceTitle "CBM 100 Extra"]
[Source "ChessBase"]
[SourceDate "2004.07.06"]
[SourceVersion "2"]
[SourceVersionDate "2004.07.06"]
[SourceQuality "1"]
[WhiteTeam "11"]
[BlackTeam "13"]
[WhiteTeamCountry "RUS"]
[BlackTeamCountry "RUS"]

1. e4 e6 2. d4 d5 3. e5 c5 4. c3 Nc6 5. Nf3 Qb6 6. a3 c4 7. g3 Bd7 8. Bg2 Na5 9. Nbd2 h6 10. h4 0-0-0 11. h5 Ne7 12. 0-0 Kb8 13. Nh4 g6 14. Rb1 Rg8 15. Nhf3 Nf5 16. Nh2 Be7 17. hxg6 fxg6 18. Ng4 Rdf8 19. Nf3 g5 20. Qe1 Ka8 21. Nf6 Bxf6 22. exf6 Rxf6 23. g4 Ne7 24. Ne5 Be8 25. f4 Nac6 26. Nxc6 Nxc6 27. fxg5 Rxf1+ 28. Bxf1 e5 29. Be3 exd4 30. Bf2 Bg6 31. Qe6 Qd8 32. Re1 hxg5 33. Bg2 Be4 34. Bxe4 dxe4 35. cxd4 Nxd4 36. Qxe4 Nc6 37. Qxc4 Rf8 38. b4 Rf4 39. Qe2 Nd4 40. Qe8 Nf3+ 41. Kh1 Rf8 42. Qxd8+ Rxd8 43. Re3 Nd4 44. Kg2 Nc6 45. b5 Na5 46. Rc3 b6 47. Rc7 Nb3 48. Rg7 Rd5 49. Be3 Rxb5 50. Bxg5 Nc5 51. Be3 Rb2+ 52. Kf3 Rb3 53. Re7 Rxa3 54. g5 1-0

[Event "RUS-chT2"]
[Site "Sochi"]
[Date "2004.04.23"]
[Round "4.1"]
[White "Shomoev, Anton"]
[Black "Kutuzov, Denis"]
[Result "1/2-1/2"]
[WhiteElo "2487"]
[BlackElo "2277"]
[PlyCount "77"]
[EventDate "2004.04.20"]
[EventType "team"]
[EventRounds "9"]
[EventCountry "RUS"]
[SourceTitle "CBM 100 Extra"]
[Source "ChessBase"]
[SourceDate "2004.07.06"]
[SourceVersion "2"]
[SourceVersionDate "2004.07.06"]
[SourceQuality "1"]
[WhiteTeam "06"]
[BlackTeam "13"]
[WhiteTeamCountry "RUS"]
[BlackTeamCountry "RUS"]

1. e4 e6 2. d4 d5 3. Nc3 dxe4 4. Nxe4 Nd7 5. Nf3 Ngf6 6. Bg5 h6 7. Nxf6+ Nxf6 8. Bh4 c5 9. Bc4 cxd4 10. 0-0 Be7 11. Qe2 0-0 12. Rad1 Qb6 13. Nxd4 Re8 14. c3 Bd7 15. Nf3 Red8 16. Ne5 Be8 17. Bd3 Qc5 18. Rfe1 Nd5 19. Bg3 Nf6 20. c4 b6 21. Kh1 Rac8 22. h3 Nd7 23. a3 a5 24. Ng4 Nf6 25. Be5 Nxg4 26. Qxg4 Bf8 27. Qe4 g6 28. Bf6 Rd7 29. Qf4 Bg7 30. Bf1 Qc7 31. Qxc7 Rcxc7 32. Bxg7 Kxg7 33. Kg1 Kf6 34. f4 Rxd1 35. Rxd1 Rd7 36. Rxd7 Bxd7 37. Kf2 e5 38. Ke3 Bc6 39. g3 1/2-1/2